Selecting business software / (Record no. 2759)

000 -LEADER
fixed length control field nam a22 7a 4500
005 - DATE AND TIME OF LATEST TRANSACTION
control field 20170517162036.0
008 - FIXED-LENGTH DATA ELEMENTS--GENERAL INFORMATION
fixed length control field 170517b1989 ilu||||| |||| 00| 0 eng d
020 ## - INTERNATIONAL STANDARD BOOK NUMBER
International Standard Book Number 1556231032 (pbk.) :
Terms of availability $29.95
040 ## - CATALOGING SOURCE
Original cataloging agency AKMAL
082 ## - DEWEY DECIMAL CLASSIFICATION NUMBER
Classification number 650.02855 YU
090 ## - LOCALLY ASSIGNED LC-TYPE CALL NUMBER (OCLC); LOCAL CALL NUMBER (RLIN)
Classification number (OCLC) (R) ; Classification number, CALL (RLIN) (NR) 650.02855
Local cutter number (OCLC) ; Book number/undivided call number, CALL (RLIN) YU
100 1# - MAIN ENTRY--PERSONAL NAME
Personal name Yu, John W.
9 (RLIN) 5815
245 10 - TITLE STATEMENT
Title Selecting business software /
Statement of responsibility, etc. John W. Yu, David Harrison.
260 ## - PUBLICATION, DISTRIBUTION, ETC.
Place of publication, distribution, etc. Homewood, Ill. :
Name of publisher, distributor, etc. Dow Jones-Irwin,
Date of publication, distribution, etc. c1989
300 ## - PHYSICAL DESCRIPTION
Extent xxii, 328 p. ;
Dimensions 24 cm
500 ## - GENERAL NOTE
General note Includes indexes.
650 #0 - SUBJECT ADDED ENTRY--TOPICAL TERM
Topical term or geographic name entry element Business
General subdivision Computer programs
-- Purchasing
9 (RLIN) 5816
650 #0 - SUBJECT ADDED ENTRY--TOPICAL TERM
Topical term or geographic name entry element Computer software
General subdivision Purchasing
Geographic subdivision United States
9 (RLIN) 5817
650 #0 - SUBJECT ADDED ENTRY--TOPICAL TERM
Topical term or geographic name entry element Microcomputers
General subdivision Programming
Geographic subdivision United States
9 (RLIN) 5818
650 #0 - SUBJECT ADDED ENTRY--TOPICAL TERM
Topical term or geographic name entry element Computer software
General subdivision Purchasing
Geographic subdivision Canada
9 (RLIN) 5819
650 #0 - SUBJECT ADDED ENTRY--TOPICAL TERM
Topical term or geographic name entry element Microcomputers
General subdivision Programming
Geographic subdivision Canada
9 (RLIN) 5820
700 1# - ADDED ENTRY--PERSONAL NAME
Personal name Harrison, David,
Dates associated with a name 1934-
9 (RLIN) 5821
942 ## - ADDED ENTRY ELEMENTS (KOHA)
Source of classification or shelving scheme
Koha item type Book
Holdings
Withdrawn status Lost status Source of classification or shelving scheme Damaged status Not for loan Collection code Home library Current library Shelving location Date acquired Inventory number Total Checkouts Full call number Barcode Date last seen Price effective from Koha item type
          NON-FICTION AKMAL Melaka AKMAL Melaka PINJAMAN 17.05.2017 601215   650.02855 YU 201703595 17.05.2017 17.05.2017 Book
Pusat Sumber Maklumat Dato' Haji Sarmin Md Hussin, Akademi Kastam Diraja Malaysia, Melaka
Tel: 06-2331106 | Faks: 06-2313787